000 00966 a2200289 4500
003 OSt
005 20180116182704.0
008 170824b xxu||||| |||| 00| 0 eng d
020 _a0078228166
020 _a9780078228162
040 _c0
082 0 4 _a428.2 GLE 2001
100 1 _aGlenco,William. Choice
245 1 0 _aWriters Choice
_cGlenco.
_bGrammar and Composition Grade 9
250 _aTexas Edition
260 _a[S.l.] :
_bMcGraw-Hill/Glencoe,
_c2001
300 _a959p. ;
_c49 cm.
_bHB
440 _aWriters Choice
490 1 _aWriter's choice grammar and composition.
500 _aHardcover.
700 1 _aLester, Mark.
700 1 _aInc, Ligature.
830 0 _aWriter's choice grammar and composition.
856 4 0 _3Amazon.com
_uhttp://www.amazon.com/exec/obidos/ASIN/0026358921/chopaconline-20
856 4 0 _3Amazon customer reviews
_uhttp://www.chopac.org/cgi-bin/tools/azrev.pl?q=0026358921
942 _aNBS
_cBK
_k428.2 GLE 2001
_2ddc
999 _c344111
_d344111